Mathematical methods for physics
Uloženo v:
| Hlavní autor: | |
|---|---|
| Médium: | Kniha |
| Jazyk: | angličtina |
| Vydáno: |
Boulder
Westview
1999
|
| Témata: | |
| Tagy: |
Přidat tag
Žádné tagy, Buďte první, kdo vytvoří štítek k tomuto záznamu!
|
MARC
| LEADER | 00000nam a2200000 a 4500 | ||
|---|---|---|---|
| 001 | UCL8268 | ||
| 003 | CL-VaPUC | ||
| 008 | 040618e19990000US |||||||||||||||||eng|d | ||
| 020 | |a 0738201251 | ||
| 082 | 0 | 4 | |a 530.15 |b WYL |2 21 |
| 100 | 0 | |a Wyld, H. W |e author |9 486175 | |
| 245 | 1 | 0 | |a Mathematical methods for physics |
| 300 | |a 628 p | ||
| 942 | |c BK | ||
| 945 | |d 20040618 00:00:00 |a cmena | ||
| 260 | |a Boulder |b Westview |c 1999 | ||
| 650 | 0 | |a Física matemática |9 260981 | |
| 650 | 0 | |a Ecuaciones diferenciales |9 260083 | |
| 650 | 0 | |a Funciones (Matemáticas) |9 338128 | |
| 650 | 0 | |a Ecuaciones integrales |9 270067 | |
| 650 | 0 | |a Modelos matemáticos |9 259437 | |
| 583 | |a last modification |c 20040618 00:00:00 |k Rodrigo Vera | ||
| 999 | |c 309625 |d 309623 | ||
| 952 | |0 0 |1 0 |4 0 |6 530_150000000000000_WYL_1999 |7 0 |8 A |9 377248 |a BIBCUR |b BIBCUR |d 2019-11-21 |i 4026470 |o 530.15 WYL 1999 |p 4026470 |r 2025-04-22 |w 2019-11-21 |y BK |k FIS | ||